000 00473nam a2200181 a 4500
001 5434
003 CO-ViMGA
008 141112s2004 ck r 000 u spa d
040 _aCO-ViMGA
_bspa
_cCO-ViMGA
082 _aCo863.44 C111sp
100 1 _aCaballero Calderón ; Eduardo,
_92871
245 1 0 _aSiervo sin tierra
260 _aBogotá :
_bPanAméricana,
_c1990
300 _a197 p
590 _aEjemplares : 2
650 1 4 _aNOVELA COLOMBIANA
_91193
942 _2ddc
_cBK
999 _c11354
_d11354